Better English pronunciation

সংরক্ষণ করুন:
গ্রন্থ-পঞ্জীর বিবরন
প্রধান লেখক: O’Connor, J. D.
বিন্যাস: গ্রন্থ
ভাষা:English
প্রকাশিত: New York Cambridge University Press 1980
Cambridge [Cambridgeshire]
সংস্করন:2nd ed
বিষয়গুলি:
ট্যাগগুলো: ট্যাগ যুক্ত করুন
কোনো ট্যাগ নেই, প্রথমজন হিসাবে ট্যাগ করুন!
Thư viện lưu trữ: Trung tâm Học liệu Lê Vũ Hùng, Trường Đại học Đồng Tháp
LEADER 00810pam a22002658a 4500
001 00023937
005 20171026081025.0
008 110706s1980 ||||||engsd
020 # # |a  0521231523 (pbk.) 
041 0 # |a eng 
082 1 4 |a 428  |b B200T 
100 1 # |a O’Connor, J. D. 
245 1 0 |a Better English pronunciation  |c J.D. O’Connor 
250 # # |a 2nd ed 
260 # # |a New York 
260 # # |b Cambridge University Press  |c 1980  |a Cambridge [Cambridgeshire] 
300 # # |a  x, 150 p.  |b ill.  |c 21 cm 
504 # # |a Bibliography: p. 147-148. 
650 # 4 |a English language 
650 # 4 |a Phát âm 
650 # 4 |a Tiếng anh 
852 # # |b Kho đọc  |j KD.0008617 
852 # # |j KD.0008617 
910 0 # |a Ntuyet  |d 06/07/2011 
980 # # |a Trung tâm Học liệu Lê Vũ Hùng, Trường Đại học Đồng Tháp